Presidentes de Comunidades Autónomas: Catalunya - Estadísticas

Estadísticas generales
  • Esta prueba ha sido intentada 154 veces
  • La puntuación promedio es 8 de 9
Estadísticas de respuestas
Período President % Correcto
2016-2017 Carles Puigdemont
98%
2024-Act. Salvador Illa
97%
2020-2024 Pere Aragonès
94%
2010-2016 Artur Mas
93%
1980-2003 Jordi Pujol
92%
2018-2020 Quim Torra
83%
2006-2010 José Montilla
75%
2003-2006 Pasqual Maragall
73%
1977-1980 Josep Tarradellas
62%
No se encontraron pruebas coincidentes
Distribución de puntuación
Porcentaje de gente con cada puntuación
Porcentaje por número respondido
Historial de tus puntuaciones
No has intentado esta prueba.